[Event "Campionatul National de sah pe echipe f"]
[Site "Mamaia-Constanta"]
[Date "2013.08.31"]
[Round "1.1"]
[White "Raeva, Elitsa"]
[Black "Marin, Irina-Luiza"]
[Result "1-0"]
[WhiteElo "2292"]
[BlackElo "2130"]
[PlyCount "66"]
[EventDate "2013.08.31"]
[EventRounds "9"]
[WhiteTeam "CS  SÎNANDREI"]
[BlackTeam "CLUBUL CENTRAL DE SAH BUCURESTI"]

1. d4 d6 2. Nf3 f5 3. e3 Nf6 4. Bc4 e6 5. O-O g6 6. a3 Bg7 7. b4 Qe7 8. Bb2 O-O
9. Nc3 h6 10. Qd3 Nbd7 11. Bb3 a5 12. e4 axb4 13. axb4 Rxa1 14. Rxa1 f4 15. Nh4
Qe8 16. Nb5 Nb6 17. Nxc7 Qf7 18. Nb5 Rd8 19. c4 g5 20. Nf3 Qg6 21. c5 dxc5 22.
bxc5 Nbd5 23. Nd6 Nd7 24. Qd2 g4 25. Nh4 Qg5 26. exd5 e5 27. c6 Nb6 28. Nxb7
Bd7 29. g3 exd4 30. Qxf4 Qxf4 31. gxf4 Rb8 32. Ng6 Kh7 33. Ne5 Bf8 1-0

[Event "Campionatul National de sah pe echipe f"]
[Site "Mamaia-Constanta"]
[Date "2013.08.31"]
[Round "1.2"]
[White "Baciu, Anca-Otilia"]
[Black "Ionica, Iulia-Ionela"]
[Result "0-1"]
[WhiteElo "2126"]
[BlackElo "2195"]
[PlyCount "80"]
[EventDate "2013.08.31"]
[EventRounds "9"]
[WhiteTeam "CLUBUL CENTRAL DE SAH BUCURESTI"]
[BlackTeam "CS  SÎNANDREI"]

1. e4 c5 2. Nf3 e6 3. d4 cxd4 4. Nxd4 Nf6 5. Nc3 d6 6. Be2 Be7 7. f4 Nc6 8. Be3
O-O 9. Bf3 Bd7 10. Qe2 Nxd4 11. Bxd4 Bc6 12. O-O-O Qa5 13. Kb1 Rac8 14. g4 Nd7
15. Nd5 exd5 16. exd5 Ba4 17. Qxe7 Bxc2+ 18. Ka1 Bxd1 19. Rxd1 Qc7 20. Bc3 Rce8
21. Qg5 f6 22. Qf5 Nc5 23. g5 Qd7 24. Qc2 fxg5 25. Bh5 Re7 26. fxg5 Qa4 27. b3
Qe4 28. Qd2 Qf4 29. Qg2 Ne4 30. Bb4 Qe5+ 31. Qb2 Qxg5 32. Be2 Qe5 33. Qxe5 Rxe5
34. Bd3 Nc5 35. Bc4 Ne4 36. Bd3 Rd8 37. Re1 Nf6 38. Rxe5 dxe5 39. Bc4 b5 40.
Bxb5 Nxd5 0-1

[Event "Campionatul National de sah pe echipe f"]
[Site "Mamaia-Constanta"]
[Date "2013.08.31"]
[Round "1.4"]
[White "Vasilescu, Maria"]
[Black "Nevednicii, Alexandra"]
[Result "1-0"]
[WhiteElo "1880"]
[BlackElo "1682"]
[PlyCount "86"]
[EventDate "2013.08.31"]
[EventRounds "9"]
[WhiteTeam "CLUBUL CENTRAL DE SAH BUCURESTI"]
[BlackTeam "CS  SÎNANDREI"]

1. e4 e5 2. Nf3 Nc6 3. Bc4 Bc5 4. d3 Nf6 5. Bb3 h6 6. Nbd2 d6 7. h3 O-O 8. Nf1
Ne7 9. g4 Nh7 10. Ng3 Be6 11. Be3 Bxe3 12. fxe3 Ng6 13. Qe2 Ng5 14. Nf5 Nxf3+
15. Qxf3 Nh4 16. Qg3 Nxf5 17. exf5 Bxb3 18. axb3 Qe7 19. h4 f6 20. e4 Kf7 21.
Ke2 a6 22. g5 fxg5 23. Rag1 Rh8 24. Qg4 h5 25. Qxg5 Qxg5 26. Rxg5 Rh6 27. Rhg1
Rg8 28. c3 Rh7 29. Rg6 Re8 30. b4 Re7 31. Ke3 Re8 32. d4 Re7 33. Ra1 Rh6 34.
Rxh6 gxh6 35. Rg1 Re8 36. dxe5 dxe5 37. Kd3 Rd8+ 38. Kc4 Rd6 39. Rg6 Rxg6 40.
fxg6+ Kxg6 41. Kd5 Kf6 42. c4 Kf7 43. Kxe5 Ke7 1-0

[Event "Campionatul National de sah pe echipe f"]
[Site "Mamaia-Constanta"]
[Date "2013.08.31"]
[Round "1.1"]
[White "Papp, Petra"]
[Black "Danielian, Elina"]
[Result "0-1"]
[WhiteElo "2276"]
[BlackElo "2470"]
[PlyCount "48"]
[EventDate "2013.08.31"]
[EventRounds "9"]
[WhiteTeam "CSM LUGOJ"]
[BlackTeam "CS AEM LUXTEN TIMISOARA"]

1. e4 e6 2. d4 d5 3. Nc3 Nf6 4. e5 Nfd7 5. f4 c5 6. Nf3 Nc6 7. Be3 a6 8. Qd2 b5
9. dxc5 Bxc5 10. Bd3 Qb6 11. Bf2 Bb7 12. O-O Bxf2+ 13. Rxf2 Nc5 14. a3 Rd8 15.
Re1 Ne7 16. Qe2 b4 17. axb4 Qxb4 18. Ng5 h6 19. Qh5 g6 20. Qh4 Nxd3 21. cxd3
Nf5 22. Qh3 d4 23. g4 Ne7 24. f5 gxf5 0-1

[Event "Campionatul National de sah pe echipe f"]
[Site "Mamaia-Constanta"]
[Date "2013.08.31"]
[Round "1.2"]
[White "Foisor, Cristina-Adela"]
[Black "Jicman, Ligia-Letitia"]
[Result "1-0"]
[WhiteElo "2391"]
[BlackElo "2143"]
[PlyCount "84"]
[EventDate "2013.08.31"]
[EventRounds "9"]
[WhiteTeam "CS AEM LUXTEN TIMISOARA"]
[BlackTeam "CSM LUGOJ"]

1. c4 c5 2. Nc3 Nc6 3. g3 g6 4. Bg2 Bg7 5. d3 d6 6. e4 e6 7. Nge2 Nge7 8. a3
O-O 9. Rb1 b6 10. b4 Bb7 11. O-O Rc8 12. Be3 Nd4 13. Qd2 Ba8 14. Nf4 Qd7 15. h4
h5 16. Kh2 Nec6 17. f3 Ne7 18. b5 Rcd8 19. Bh3 Qc7 20. Nce2 d5 21. Bxd4 cxd4
22. cxd5 exd5 23. Rfc1 Qd6 24. Qb4 Qf6 25. Rc7 Nc8 26. Rbc1 Nd6 27. Rxa7 dxe4
28. fxe4 Nxe4 29. Rxa8 Rxa8 30. dxe4 Rad8 31. Nd3 Qf3 32. Nef4 Rde8 33. Bg2 Qg4
34. Qd6 Rd8 35. Qxb6 Bh6 36. Ne5 Bxf4 37. Nxg4 Bxc1 38. Nf6+ Kg7 39. Nd5 d3 40.
Qd4+ f6 41. Qxd3 Bb2 42. a4 Be5 1-0

[Event "Campionatul National de sah pe echipe f"]
[Site "Mamaia-Constanta"]
[Date "2013.08.31"]
[Round "1.3"]
[White "Craciun, Paula-Iulia"]
[Black "Voicu-Jagodzinsky, Carmen"]
[Result "0-1"]
[WhiteElo "2117"]
[BlackElo "2296"]
[PlyCount "78"]
[EventDate "2013.08.31"]
[EventRounds "9"]
[WhiteTeam "CSM LUGOJ"]
[BlackTeam "CS AEM LUXTEN TIMISOARA"]

1. e4 c5 2. Nf3 e6 3. c3 d5 4. exd5 exd5 5. d4 Nc6 6. Bd3 Bd6 7. O-O Nge7 8.
Re1 c4 9. Bf1 h6 10. b3 cxb3 11. axb3 Bg4 12. Ba3 O-O 13. Bxd6 Qxd6 14. h3 Bh5
15. Na3 a6 16. Nc2 Rac8 17. Be2 Rfe8 18. Ne3 Nb8 19. Rc1 Nd7 20. c4 Nf6 21. c5
Qb8 22. Ne5 Bg6 23. Nxg6 Nxg6 24. Bf3 Nf4 25. b4 Qc7 26. g3 Nxh3+ 27. Kg2 Ng5
28. Nxd5 Nxd5 29. Rxe8+ Rxe8 30. Bxd5 Qd7 31. Qb3 Rd8 32. f4 Qh3+ 33. Kg1 Rxd5
34. fxg5 Rxg5 35. Rc3 Rh5 36. Rf3 Qh1+ 37. Kf2 Rh2+ 38. Ke3 Qe1+ 39. Kd3 Qe2+
0-1

[Event "Campionatul National de sah pe echipe f"]
[Site "Mamaia-Constanta"]
[Date "2013.08.31"]
[Round "1.1"]
[White "Adam, Andrea"]
[Black "Florea, Dorina"]
[Result "1-0"]
[WhiteElo "1921"]
[BlackElo "1863"]
[PlyCount "55"]
[EventDate "2013.08.31"]
[EventRounds "9"]
[WhiteTeam "CSS TG. MURES"]
[BlackTeam "CS UNIVERSITATEA ARAD"]

1. e4 c5 2. c3 Nf6 3. e5 Nd5 4. d4 cxd4 5. Qxd4 e6 6. Nf3 Nc6 7. Qe4 d6 8. Bb5
Bd7 9. c4 Nc7 10. Bg5 Qc8 11. exd6 Bxd6 12. Nc3 O-O 13. Ba4 f6 14. Bc2 g6 15.
Bh6 Rf7 16. h4 f5 17. Qe2 Bf8 18. h5 e5 19. hxg6 hxg6 20. O-O-O e4 21. Ng5 Rh7
22. c5 Bxh6 23. Rxh6 Rg7 24. Bb3+ Be6 25. Bxe6+ Nxe6 26. Qc4 Ncd8 27. Rxd8+
Qxd8 28. Qxe6+ 1-0

[Event "Campionatul National de sah pe echipe f"]
[Site "Mamaia-Constanta"]
[Date "2013.08.31"]
[Round "1.2"]
[White "Olea, Liliana"]
[Black "Sonfalean, Maria-Laura"]
[Result "1-0"]
[WhiteElo "1888"]
[BlackElo "1581"]
[PlyCount "57"]
[EventDate "2013.08.31"]
[EventRounds "9"]
[WhiteTeam "CS UNIVERSITATEA ARAD"]
[BlackTeam "CSS TG. MURES"]

1. e4 e5 2. Nc3 Nf6 3. Nf3 Nc6 4. d4 exd4 5. Nxd4 Bb4 6. Nxc6 bxc6 7. Bd3 d5 8.
exd5 cxd5 9. O-O O-O 10. Bg5 Be7 11. Qf3 c6 12. h3 h6 13. Bf4 Re8 14. Rfe1 Nh7
15. Re2 Be6 16. Rae1 Bg5 17. Kh1 Qf6 18. Bxh7+ Kxh7 19. Qd3+ Bf5 20. Qg3 Bh4
21. Qf3 Re6 22. Bg3 Bg5 23. Na4 Qg6 24. Rxe6 fxe6 25. c3 Rf8 26. Qe2 Rf6 27.
Nc5 Qf7 28. f4 Bxf4 29. Bxf4 1-0

[Event "Campionatul National de sah pe echipe f"]
[Site "Mamaia-Constanta"]
[Date "2013.08.31"]
[Round "1.3"]
[White "Magarin, Semela-Amara"]
[Black "Berintan, Teodora"]
[Result "0-1"]
[WhiteElo "1426"]
[BlackElo "1849"]
[PlyCount "80"]
[EventDate "2013.08.31"]
[EventRounds "9"]
[WhiteTeam "CSS TG. MURES"]
[BlackTeam "CS UNIVERSITATEA ARAD"]

1. e4 d5 2. d3 d4 3. c3 c5 4. Nf3 Nc6 5. Bf4 e6 6. Na3 a6 7. Nc4 b5 8. Ncd2
Nge7 9. a3 Ng6 10. Bg3 e5 11. c4 Be6 12. b3 Bd6 13. Qc1 b4 14. Be2 Qe7 15. h4
f6 16. h5 Nf4 17. Bxf4 exf4 18. Qb2 Qd7 19. O-O-O a5 20. a4 O-O-O 21. Nf1 g5
22. hxg6 hxg6 23. Rxh8 Rxh8 24. N1h2 g5 25. Nf1 g4 26. N3d2 Ne5 27. f3 g3 28.
Re1 Bh3 29. Nxg3 fxg3 30. Rg1 Be6 31. Kc2 Ng6 32. Qc1 Nf4 33. Qe1 Qg7 34. Nf1
Nh5 35. Rh1 Bf4 36. Bd1 Rh6 37. Rh4 Qg5 38. Rh1 Ng7 39. Rxh6 Qxh6 40. Qe2 Qh1
0-1

[Event "Campionatul National de sah pe echipe f"]
[Site "Mamaia-Constanta"]
[Date "2013.08.31"]
[Round "1.4"]
[White "Firaru, Roxana-Maria"]
[Black "Petculescu, Carina-Stefania"]
[Result "1-0"]
[WhiteElo "1684"]
[BlackElo "1001"]
[PlyCount "80"]
[EventDate "2013.08.31"]
[EventRounds "9"]
[WhiteTeam "CS UNIVERSITATEA ARAD"]
[BlackTeam "CSS TG. MURES"]

1. e4 e5 2. Nf3 Nc6 3. Bb5 Nge7 4. O-O a6 5. Ba4 g6 6. c3 Bg7 7. d4 b6 8. d5 b5
9. dxc6 bxa4 10. cxd7+ Bxd7 11. Be3 O-O 12. Qc1 f6 13. Rd1 Qc8 14. Nbd2 Bg4 15.
h3 Bxf3 16. Nxf3 f5 17. Bh6 fxe4 18. Bxg7 Kxg7 19. Qg5 Nc6 20. Nd2 Qf5 21. Qe3
Qf4 22. Qxf4 exf4 23. Nxe4 Rae8 24. Nc5 a5 25. Nxa4 Re5 26. Rd7+ Rf7 27. Rad1
Ree7 28. Rxe7 Rxe7 29. Nc5 Kh6 30. Kf1 Re5 31. Nd3 Rd5 32. Ke2 g5 33. h4 Ne5
34. hxg5+ Kxg5 35. Nxe5 Rxe5+ 36. Kf3 h5 37. Rd4 Rf5 38. Rc4 Rf7 39. Rc5+ Rf5
40. Rxc7 Rd5 1-0

[Event "Campionatul National de sah pe echipe f"]
[Site "Mamaia-Constanta"]
[Date "2013.08.31"]
[Round "1.1"]
[White "Atalik, Ekaterina"]
[Black "Cosma, Elena-Luminita"]
[Result "1-0"]
[WhiteElo "2431"]
[BlackElo "2328"]
[PlyCount "93"]
[EventDate "2013.08.31"]
[EventRounds "9"]
[WhiteTeam "CS STUD. MEDICINA TIMISOARA"]
[BlackTeam "ACS SAH APA NOVA BUCURESTI"]

1. d4 d5 2. c4 e6 3. Nc3 Nf6 4. cxd5 exd5 5. Bg5 c6 6. Qc2 Be7 7. e3 Nbd7 8.
Bd3 Nh5 9. Bxe7 Qxe7 10. O-O-O Nb6 11. h3 g6 12. Nf3 Ng7 13. g4 Be6 14. Kb1
O-O-O 15. Na4 Nxa4 16. Qxa4 Kb8 17. Rc1 Rc8 18. Rc3 h5 19. Rhc1 hxg4 20. hxg4
Bxg4 21. Ne5 Bf5 22. Ra3 Bxd3+ 23. Nxd3 b5 24. Qa5 Qc7 25. Ne5 Qxa5 26. Rxa5
Kb7 27. Nxf7 Kb6 28. Nxh8 Kxa5 29. Nxg6 Kb6 30. Ne5 Nf5 31. Rg1 Rh8 32. Rg5 Nd6
33. Rg6 Kc7 34. Rg7+ Kb6 35. Nd7+ Kc7 36. Nc5+ Kb8 37. Na6+ Ka8 38. Nb4 Rc8 39.
Rg6 a5 40. Nxd5 Nc4 41. Ne7 Rf8 42. Rg8 Rxg8 43. Nxg8 Kb7 44. Kc2 Kc7 45. Nf6
Nd6 46. Kd3 a4 47. Ne4 1-0

[Event "Campionatul National de sah pe echipe f"]
[Site "Mamaia-Constanta"]
[Date "2013.08.31"]
[Round "1.2"]
[White "Chirita, Andra-Marina"]
[Black "Sandu, Mihaela"]
[Result "0-1"]
[WhiteElo "2024"]
[BlackElo "2254"]
[PlyCount "118"]
[EventDate "2013.08.31"]
[EventRounds "9"]
[WhiteTeam "ACS SAH APA NOVA BUCURESTI"]
[BlackTeam "CS STUD. MEDICINA TIMISOARA"]

1. d4 Nf6 2. Nf3 g6 3. c4 Bg7 4. Nc3 O-O 5. Bg5 d6 6. e3 c5 7. Be2 h6 8. Bxf6
Bxf6 9. O-O Nc6 10. Ne4 Bg7 11. dxc5 f5 12. Nc3 dxc5 13. Qd5+ Qxd5 14. cxd5 Ne5
15. Nxe5 Bxe5 16. Bf3 Rb8 17. a4 b6 18. g3 g5 19. Rac1 Bd7 20. b3 a6 21. Be2 b5
22. f4 gxf4 23. gxf4 Bf6 24. Kf2 Kh8 25. axb5 axb5 26. Nb1 c4 27. bxc4 bxc4 28.
Rxc4 Bh4+ 29. Kf3 Rb2 30. Nc3 Be8 31. e4 fxe4+ 32. Kxe4 Bf6 33. Rf2 Bg6+ 34.
Ke3 Rd8 35. Bf3 Rb3 36. Ke2 Rb2+ 37. Ke3 Rb3 38. Kd2 e6 39. Rc6 Bd4 40. Rg2 Be8
41. Rxe6 Bg7 42. Re3 Rc8 43. Nd1 Rb4 44. Be4 Bh5 45. Ke1 Re8 46. Bg6 Rxe3+ 47.
Nxe3 Bc3+ 48. Kf2 Rxf4+ 49. Kg3 Rf3+ 50. Kh4 Bxg6 51. Rxg6 Rxe3 52. Rxh6+ Kg7
53. Rc6 $11 Bf6+ 54. Kg4 Rd3 55. Rc7+ Kg6 56. Rd7 Be5 57. Rd8 Bxh2 58. Rd7 Be5
59. Kh4 Kf5 0-1

[Event "Campionatul National de sah pe echipe f"]
[Site "Mamaia-Constanta"]
[Date "2013.08.31"]
[Round "1.3"]
[White "Dragomirescu, Angela"]
[Black "Ilie, Maria-Ruxandra"]
[Result "1-0"]
[WhiteElo "2242"]
[BlackElo "2011"]
[PlyCount "105"]
[EventDate "2013.08.31"]
[EventRounds "9"]
[WhiteTeam "CS STUD. MEDICINA TIMISOARA"]
[BlackTeam "ACS SAH APA NOVA BUCURESTI"]

1. d4 Nf6 2. Nf3 e6 3. g3 b6 4. Bg2 Bb7 5. O-O Be7 6. c4 O-O 7. Nc3 Ne4 8. Qc2
Nxc3 9. Qxc3 Bf6 10. Qc2 Nc6 11. Rd1 d5 12. Bf4 a5 13. cxd5 exd5 14. Ne5 Nb4
15. Qd2 Qe7 16. Ng4 Bxd4 17. Qxd4 Nc2 18. Qe5 Qxe5 19. Bxe5 Nxa1 20. Rxa1 Rac8
21. Ne3 Rfe8 22. Bf4 c6 23. Rc1 g6 24. Bf3 Kg7 25. g4 f6 26. h4 Re7 27. Kg2 Rd8
28. Rd1 Ba6 29. b3 Kf7 30. Rd2 Bb7 31. Nc2 Red7 32. g5 f5 33. Be5 Re8 34. Bf6
Ba6 35. e3 Rc8 36. Rd1 Bb7 37. Nd4 c5 38. Ne2 Bc6 39. Nf4 d4 40. exd4 cxd4 41.
Bxc6 Rxc6 42. Nd3 Rxf6 43. Ne5+ Ke6 44. Nxd7 Rf7 45. Nxb6 Rb7 46. Nc4 a4 47.
Rxd4 axb3 48. axb3 Rxb3 49. Rd6+ Ke7 50. Rb6 Rc3 51. Ne3 Rd3 52. Rb7+ Rd7 53.
Nd5+ 1-0

[Event "Campionatul National de sah pe echipe f"]
[Site "Mamaia-Constanta"]
[Date "2013.08.31"]
[Round "1.1"]
[White "Peptan, Corina-Isabela"]
[Black "Lagno, Kateryna"]
[Result "1/2-1/2"]
[WhiteElo "2434"]
[BlackElo "2542"]
[PlyCount "109"]
[EventDate "2013.08.31"]
[EventRounds "9"]
[WhiteTeam "CSM BUCURESTI"]
[BlackTeam "CS POLITEHNICA-ANTIBIOTICE IASI"]

1. e4 e5 2. Nf3 Nc6 3. Bb5 a6 4. Ba4 d6 5. c3 Bd7 6. O-O g6 7. d4 Bg7 8. Be3
Nf6 9. dxe5 dxe5 10. Nbd2 Qe7 11. b4 b6 12. Bg5 h6 13. Bxf6 Qxf6 14. Re1 Rd8
15. Qe2 b5 16. Bc2 Ne7 17. Nb3 g5 18. Nc5 Bc8 19. Rad1 O-O 20. Rxd8 Rxd8 21.
Rd1 Ng6 22. Rxd8+ Qxd8 23. Qd2 Qxd2 24. Nxd2 Nf4 25. Kf1 Bf8 26. Ndb3 Bd6 27.
Bd1 Ne6 28. Nd3 Bb7 29. f3 Ba8 30. Kf2 Kf8 31. Ke3 Ke7 32. g3 c6 33. Be2 Bc7
34. Bf1 Bb6+ 35. Ke2 f6 36. Bh3 Nd8 37. Ndc5 Bb7 38. Bf5 Ba7 39. Bg4 Kd6 40.
Nd7 Ke7 41. Ndc5 Kd6 42. a4 a5 43. axb5 axb4 44. b6 Bxb6 45. cxb4 Ke7 46. Kd3
Ba8 47. Na5 Nf7 48. Nc4 Ba7 49. Kc3 Nd6 50. Nxd6 Kxd6 51. Kc4 Bxc5 52. bxc5+
Kc7 53. Kb4 Kb7 54. Ka5 Ka7 55. Bd7 1/2-1/2

[Event "Campionatul National de sah pe echipe f"]
[Site "Mamaia-Constanta"]
[Date "2013.08.31"]
[Round "1.2"]
[White "Bulmaga, Irina"]
[Black "Ionescu, Irina"]
[Result "1-0"]
[WhiteElo "2410"]
[BlackElo "2229"]
[PlyCount "99"]
[EventDate "2013.08.31"]
[EventRounds "9"]
[WhiteTeam "CS POLITEHNICA-ANTIBIOTICE IASI"]
[BlackTeam "CSM BUCURESTI"]

1. e4 e5 2. Nf3 Nf6 3. Nxe5 d6 4. Nf3 Nxe4 5. d4 d5 6. Bd3 Nc6 7. O-O Be7 8.
Nc3 Nxc3 9. bxc3 Bg4 10. Rb1 Rb8 11. h3 Bh5 12. Bf5 Bg6 13. Qd3 O-O 14. Bf4 Bd6
15. Bg5 Be7 16. h4 Qd6 17. g3 Bxg5 18. hxg5 a6 19. Kg2 Ne7 20. Bxg6 Qxg6 21.
Qe2 Nf5 22. Qe5 Nd6 23. Qxd5 Qxc2 24. Rbc1 Qg6 25. Rce1 c6 26. Qe5 Rbe8 27. Qf4
Nc4 28. Rxe8 Rxe8 29. Re1 Rf8 30. Re7 b5 31. Ne5 Nxe5 32. Qxe5 h6 33. gxh6 Qxh6
34. Rc7 Qg6 35. a3 f5 36. Re7 Rf6 37. Re8+ Kh7 38. Qb8 Qg4 39. Rh8+ Kg6 40.
Qe8+ Rf7 41. Qxc6+ Rf6 42. Qe8+ Rf7 43. Rf8 Qe4+ 44. Qxe4 fxe4 45. Rxf7 Kxf7
46. f3 exf3+ 47. Kxf3 Ke6 48. Ke4 g6 49. d5+ Kd6 50. Kd4 1-0

[Event "Campionatul National de sah pe echipe f"]
[Site "Mamaia-Constanta"]
[Date "2013.09.01"]
[Round "2.1"]
[White "Marin, Irina-Luiza"]
[Black "Lagno, Kateryna"]
[Result "0-1"]
[WhiteElo "2130"]
[BlackElo "2542"]
[PlyCount "80"]
[EventDate "2013.08.31"]
[EventRounds "9"]
[WhiteTeam "CLUBUL CENTRAL DE SAH BUCURESTI"]
[BlackTeam "CS POLITEHNICA-ANTIBIOTICE IASI"]

1. c4 g6 2. g3 Bg7 3. Bg2 Nf6 4. Nc3 O-O 5. d3 c5 6. e4 Nc6 7. Nge2 a6 8. O-O
d6 9. h3 Ne8 10. Be3 Nd4 11. Rb1 Nc7 12. b4 Rb8 13. a4 b6 14. f4 Bb7 15. g4 e6
16. bxc5 bxc5 17. f5 exf5 18. gxf5 gxf5 19. Rxb7 Rxb7 20. exf5 Rb2 21. Nxd4
cxd4 22. Qg4 dxe3 23. f6 Ne8 24. fxg7 Nxg7 25. Bd5 Qe7 26. Ne2 Kh8 27. Kh1 f5
28. Qf3 Rfb8 29. d4 Rb1 30. Rxb1 Rxb1+ 31. Kh2 Rb2 32. c5 dxc5 33. Bc4 Qd6+ 34.
Kh1 cxd4 35. Nf4 Rb8 36. h4 Qb4 37. Bxa6 Qxa4 38. Bd3 Qa8 39. Nd5 Rd8 40. Bc4
e2 0-1

[Event "Campionatul National de sah pe echipe f"]
[Site "Mamaia-Constanta"]
[Date "2013.09.01"]
[Round "2.2"]
[White "Bulmaga, Irina"]
[Black "Baciu, Anca-Otilia"]
[Result "1-0"]
[WhiteElo "2410"]
[BlackElo "2126"]
[PlyCount "89"]
[EventDate "2013.08.31"]
[EventRounds "9"]
[WhiteTeam "CS POLITEHNICA-ANTIBIOTICE IASI"]
[BlackTeam "CLUBUL CENTRAL DE SAH BUCURESTI"]

1. e4 c5 2. Nf3 e6 3. d4 cxd4 4. Nxd4 Nf6 5. Nc3 d6 6. g4 h6 7. h3 a6 8. Bg2
Qc7 9. Be3 Nc6 10. Qe2 Bd7 11. f4 Nxd4 12. Bxd4 Bc6 13. O-O-O Be7 14. Kb1 e5
15. Be3 exf4 16. Bxf4 Nd7 17. Rhf1 O-O 18. h4 Ne5 19. g5 hxg5 20. hxg5 g6 21.
Qe3 Rfd8 22. Qh3 Bf8 23. Bxe5 dxe5 24. Nd5 Bxd5 25. exd5 Rd6 26. Rh1 Bg7 27.
Be4 Qc4 28. Qh4 Rad8 29. Rd3 Rb6 30. Rf3 Qd4 31. b3 Rd7 32. Rd3 Qc5 33. Qh3
Rbd6 34. Rc3 Qd4 35. Rc4 Qd2 36. Bxg6 Qxd5 37. Rc8+ Rd8 38. Rxd8+ Rxd8 39. Qh7+
Kf8 40. Rf1 e4 41. Bh5 Rd7 42. Qg6 Kg8 43. Qf5 e3 44. Qxd5 Rxd5 45. Bxf7+ 1-0

[Event "Campionatul National de sah pe echipe f"]
[Site "Mamaia-Constanta"]
[Date "2013.09.01"]
[Round "2.1"]
[White "Cosma, Elena-Luminita"]
[Black "Peptan, Corina-Isabela"]
[Result "0-1"]
[WhiteElo "2328"]
[BlackElo "2434"]
[PlyCount "58"]
[EventDate "2013.08.31"]
[EventRounds "9"]
[WhiteTeam "ACS SAH APA NOVA BUCURESTI"]
[BlackTeam "CSM BUCURESTI"]

1. d4 e6 2. e4 d5 3. exd5 exd5 4. Nf3 Bd6 5. c4 dxc4 6. Bxc4 Qe7+ 7. Be3 Be6 8.
Bxe6 Qxe6 9. Nc3 Ne7 10. O-O O-O 11. Re1 Qf5 12. Bg5 Ng6 13. Qb3 Nc6 14. Qxb7
Nxd4 15. Nxd4 Qxg5 16. Ne4 Bxh2+ 17. Kxh2 Qe5+ 18. Kg1 Qxd4 19. Rad1 Qb6 20.
Qxb6 axb6 21. Nc3 c6 22. a3 Rfd8 23. Rxd8+ Rxd8 24. Na4 b5 25. Nc5 Kf8 26. b3
Rd5 27. Rc1 Nf4 28. Kf1 Rh5 29. Ke1 Rxc5 0-1

[Event "Campionatul National de sah pe echipe f"]
[Site "Mamaia-Constanta"]
[Date "2013.09.01"]
[Round "2.2"]
[White "Ionescu, Irina"]
[Black "Chirita, Andra-Marina"]
[Result "1-0"]
[WhiteElo "2229"]
[BlackElo "2024"]
[PlyCount "75"]
[EventDate "2013.08.31"]
[EventRounds "9"]
[WhiteTeam "CSM BUCURESTI"]
[BlackTeam "ACS SAH APA NOVA BUCURESTI"]

1. Nf3 d5 2. d4 c6 3. Bf4 e6 4. e3 f5 5. c4 Nf6 6. Be2 Be7 7. O-O O-O 8. Nc3
Ne4 9. Nxe4 fxe4 10. Nd2 Bg5 11. Bg3 Nd7 12. Qb3 Kh8 13. Rac1 Bh4 14. Bxh4 Qxh4
15. f3 Rf6 16. fxe4 dxe4 17. Qa3 Kg8 18. g3 Rg6 19. Rf4 Qd8 20. Nxe4 Nf6 21.
Rcf1 Bd7 22. Nxf6+ Rxf6 23. Qd6 Rxf4 24. Rxf4 Qe8 25. Qe5 Qg6 26. e4 Qe8 27.
Bh5 g6 28. Bg4 Qe7 29. c5 b6 30. b4 Re8 31. h4 a5 32. bxa5 bxa5 33. h5 Qg7 34.
Rf6 gxh5 35. Bxh5 Re7 36. Qb8+ Be8 37. Rf2 e5 38. Bxe8 1-0

[Event "Campionatul National de sah pe echipe f"]
[Site "Mamaia-Constanta"]
[Date "2013.09.01"]
[Round "2.3"]
[White "Ilie, Maria-Ruxandra"]
[Black "Anusca, Madalina-Maria"]
[Result "0-1"]
[WhiteElo "2011"]
[BlackElo "2042"]
[PlyCount "96"]
[EventDate "2013.08.31"]
[EventRounds "9"]
[WhiteTeam "ACS SAH APA NOVA BUCURESTI"]
[BlackTeam "CSM BUCURESTI"]

1. d4 Nf6 2. Nf3 e6 3. e3 b6 4. Bd3 Bb7 5. O-O d6 6. Nbd2 Nbd7 7. c3 Be7 8. Qe2
O-O 9. b3 c5 10. Bb2 Qc7 11. e4 e5 12. Ba6 Bxa6 13. Qxa6 d5 14. dxe5 Nxe5 15.
exd5 Nxf3+ 16. Nxf3 Nxd5 17. Rad1 Rad8 18. Qc4 Nf4 19. Bc1 Ne6 20. h3 Bf6 21.
a4 Qb7 22. Rfe1 a6 23. Rxd8 Rxd8 24. Bd2 b5 25. axb5 axb5 26. Qe2 Qd7 27. Qe4
h6 28. Qg4 Ng5 29. Bxg5 Qxg4 30. hxg4 h5 31. c4 b4 32. Kf1 Kf8 33. Ke2 Re8+ 34.
Kd3 Rd8+ 35. Ke4 g6 36. Ke3 Kg7 37. Ke2 Re8+ 38. Kd3 Rd8+ 39. Ke2 Re8+ 40. Kd3
Rd8+ 41. Ke2 Ra8 42. Kd3 Ra3 43. Rb1 Ra2 44. Nd2 Bd4 45. f3 f5 46. gxf5 gxf5
47. g4 Bc3 48. Rd1 Kg6 0-1

[Event "Campionatul National de sah pe echipe f"]
[Site "Mamaia-Constanta"]
[Date "2013.09.01"]
[Round "2.4"]
[White "Morea, Georgiana-Steluta"]
[Black "Serbanescu, Diana-Maria"]
[Result "1/2-1/2"]
[WhiteElo "1881"]
[BlackElo "1941"]
[PlyCount "94"]
[EventDate "2013.08.31"]
[EventRounds "9"]
[WhiteTeam "CSM BUCURESTI"]
[BlackTeam "ACS SAH APA NOVA BUCURESTI"]

1. d4 Nf6 2. Nf3 g6 3. g3 Bg7 4. Bg2 d6 5. O-O O-O 6. c4 Nbd7 7. Nc3 e5 8. e4
a6 9. b3 exd4 10. Nxd4 Re8 11. Re1 Nc5 12. Bb2 Rb8 13. Rc1 Qe7 14. Rc2 Bd7 15.
Rce2 Qf8 16. b4 Ne6 17. Nd5 Nxd5 18. exd5 Nxd4 19. Bxd4 Rxe2 20. Rxe2 Re8 21.
Be3 Bg4 22. f3 Bf5 23. g4 Bd7 24. Qd3 f5 25. h3 fxg4 26. fxg4 Qe7 27. Bf3 Qf6
28. Kg2 h5 29. Bf2 Rf8 30. a3 hxg4 31. hxg4 Qg5 32. Qe3 $11 Qf4 33. Qe4 Qxe4
34. Rxe4 Be5 35. Bd4 Bxd4 36. Rxd4 Re8 37. Kf2 b6 38. Rd3 Kf7 39. c5 bxc5 40.
bxc5 dxc5 41. Rc3 Ke7 42. Rxc5 Kd6 43. Rc1 Rh8 44. Kg3 g5 45. Rb1 Bb5 46. Re1
Bd7 47. Rb1 Bb5 1/2-1/2

[Event "Campionatul National de sah pe echipe f"]
[Site "Mamaia-Constanta"]
[Date "2013.09.01"]
[Round "2.1"]
[White "Florea, Dorina"]
[Black "Atalik, Ekaterina"]
[Result "0-1"]
[WhiteElo "1863"]
[BlackElo "2431"]
[PlyCount "33"]
[EventDate "2013.08.31"]
[EventRounds "9"]
[WhiteTeam "CS UNIVERSITATEA ARAD"]
[BlackTeam "CS STUD. MEDICINA TIMISOARA"]

1. e4 c5 2. Nf3 d6 3. d4 cxd4 4. Nxd4 Nf6 5. Nc3 Nc6 6. Be2 e6 7. O-O Be7 8.
Be3 Bd7 9. Ndb5 Qb8 10. a4 O-O 11. f4 Rd8 12. Bf3 Nb4 13. Qe2 Bc6 14. Nd4 d5
15. Nxc6 bxc6 16. e5 Nd7 17. Rfe1 0-1

[Event "Campionatul National de sah pe echipe f"]
[Site "Mamaia-Constanta"]
[Date "2013.09.01"]
[Round "2.2"]
[White "Sandu, Mihaela"]
[Black "Olea, Liliana"]
[Result "1-0"]
[WhiteElo "2254"]
[BlackElo "1888"]
[PlyCount "77"]
[EventDate "2013.08.31"]
[EventRounds "9"]
[WhiteTeam "CS STUD. MEDICINA TIMISOARA"]
[BlackTeam "CS UNIVERSITATEA ARAD"]

1. e4 e5 2. Nf3 Nc6 3. Bc4 Bc5 4. d3 d6 5. c3 Nf6 6. O-O Bb6 7. Bb3 Ne7 8. Nbd2
c6 9. Nc4 Bc7 10. Bg5 Ng6 11. Nh4 Nxh4 12. Bxh4 h6 13. Ne3 g5 14. Bg3 Qe7 15.
Qf3 g4 16. Qe2 Be6 17. Bh4 Bb6 18. Bxe6 Qxe6 19. Bxf6 Qxf6 20. Nxg4 Qg5 21. Qf3
O-O-O 22. Ne3 Kb8 23. Rad1 Rhg8 24. Kh1 Rg6 25. Nf5 Rdg8 26. Rg1 d5 27. h3 Qf6
28. Rd2 Qe6 29. b3 Rg5 30. c4 Rd8 31. Rgd1 Ba5 32. Re2 Bb4 33. cxd5 cxd5 34.
Ne3 d4 35. Nd5 Bd6 36. Qf6 Rdg8 37. Qxe6 fxe6 38. Nf6 R8g6 39. Nd7+ 1-0